00266nam a22001217a 4500040000700000082000800007100002000015245005100035260002600086300001000112942000700122999001500129 cSK a658 aBUNTONG BORARIN aTotal quality control of agricultural products aPhnom PenhbBUNc2011 a114p. cEK c9478d9478